[Event "Landesliga Nord 1920"]
[Site "Bayern"]
[Date "2020.01.19"]
[Round "5.3"]
[White "Martin, Thomas"]
[Black "Goehring, Karl Heinz"]
[Result "1-0"]
[WhiteElo "2237"]
[BlackElo "2121"]
[PlyCount "67"]
[EventDate "2019.09.29"]
[EventType "team-tourn"]
[EventRounds "9"]
[EventCountry "GER"]
[SourceTitle "EXT 2021"]
[Source "ChessBase"]
[SourceDate "2020.10.23"]
[SourceVersion "1"]
[SourceVersionDate "2020.10.23"]
[SourceQuality "1"]
[WhiteTeam "Nuernberg NT II"]
[BlackTeam "Schweinfurt"]
[WhiteTeamCountry "GER"]
[BlackTeamCountry "GER"]

1. Nf3 d5 2. g3 c6 3. Bg2 Bf5 4. d3 Nd7 5. 0-0 e6 6. Nbd2 h6 7. c4 Ngf6 8. b3 Be7 9. Bb2 0-0 10. a3 a5 11. Qc2 Bh7 12. Bc3 Qb8 13. Qb2 b5 14. Ne5 Nxe5 15. Bxe5 Qb7 16. cxd5 cxd5 17. Rac1 Rfc8 18. Nf3 Rxc1 19. Rxc1 Rc8 20. Rc3 Rxc3 21. Qxc3 b4 22. axb4 axb4 23. Qa1 Ne8 24. Bh3 Bf6 25. Qa4 Kf8 26. Bxf6 Nxf6 27. Ne5 g5 28. Nc6 Nd7 29. Nd8 Nc5 30. Qa5 Qc8 31. Qxb4 Ke8 32. Qc3 d4 33. Qxd4 Nxb3 34. Qa4+ 1-0

[Event "Landesliga Nord 1617"]
[Site "Bayern"]
[Date "2017.01.15"]
[Round "4.2"]
[White "Wiemer, Peter"]
[Black "Martin, Thomas"]
[Result "1/2-1/2"]
[WhiteElo "2183"]
[BlackElo "2209"]
[PlyCount "125"]
[EventDate "2016.10.16"]
[EventType "team-tourn"]
[EventRounds "9"]
[EventCountry "GER"]
[SourceTitle "EXT 2019"]
[Source "ChessBase"]
[SourceDate "2018.10.10"]
[SourceVersion "1"]
[SourceVersionDate "2018.10.10"]
[SourceQuality "1"]
[WhiteTeam "Zirndorf"]
[BlackTeam "Nuernberg NT II"]
[WhiteTeamCountry "GER"]
[BlackTeamCountry "GER"]

1. e4 e6 2. Nf3 d5 3. Nc3 Nf6 4. e5 Nfd7 5. d4 c5 6. dxc5 Nc6 7. Bf4 Bxc5 8. Bd3 f6 9. exf6 Qxf6 10. Bg5 Qf7 11. Qe2 0-0 12. 0-0 Nd4 13. Nxd4 Bxd4 14. Nb5 Be5 15. f4 Bb8 16. c4 Nc5 17. Bc2 Bd7 18. Nd4 a5 19. Nf3 Qh5 20. Qd2 dxc4 21. Rae1 Bc6 22. Ne5 Bd5 23. Re3 Ba7 24. g4 Qe8 25. Rf2 g6 26. Bh6 Nd7 27. Ba4 Nxe5 28. Bxe8 Nxg4 29. Bxf8 Rxe8 30. Qxd5 Bxe3 31. Qe4 Kxf8 32. Qf3 Bxf2+ 33. Kg2 Bd4 34. Qxg4 Bxb2 35. f5 exf5 36. Qxc4 Re7 37. Qd5 a4 38. Kf3 a3 39. h3 Kg7 40. Qd6 Rf7 41. Qd8 f4 42. Qd5 b6 43. Qd6 b5 44. Qc5 Rf5 45. Qe7+ Rf7 46. Qc5 h5 47. Qxb5 Rf5 48. Qe8 Rf7 49. Qb5 Kh6 50. Qd5 Rf5 51. Qe6 Re5 52. Qc8 Rf5 53. Qe6 Rf6 54. Qe8 Kg5 55. Qe7 Kh6 56. Qe8 Kg7 57. Qe7+ Rf7 58. Qc5 h4 59. Qd5 Rf5 60. Qd8 Rf6 61. Qe7+ Kh6 62. Qd8 Kg7 63. Qe7+ 1/2-1/2

[Event "Nuremberg Zabo op 16th"]
[Site "Nuremberg"]
[Date "2014.09.20"]
[Round "2"]
[White "Martin, Thomas"]
[Black "Rausch, Wolfgang1111"]
[Result "1-0"]
[WhiteElo "2201"]
[BlackElo "1900"]
[PlyCount "51"]
[EventDate "2014.09.19"]
[EventType "swiss"]
[EventRounds "5"]
[EventCountry "GER"]
[SourceTitle "EXT 2018"]
[Source "ChessBase"]
[SourceDate "2017.10.13"]
[SourceVersion "1"]
[SourceVersionDate "2017.10.13"]
[SourceQuality "1"]

1. Nf3 Nf6 2. g3 g6 3. Bg2 Bg7 4. 0-0 0-0 5. d3 d6 6. e4 e5 7. Nc3 Nc6 8. h3 a6 9. Be3 Re8 10. Qd2 Ne7 11. d4 exd4 12. Nxd4 Bd7 13. Rad1 Nc6 14. Nde2 Ne5 15. Bf4 Nh5 16. Bxe5 Bxe5 17. f4 Bxc3 18. Qxc3 f6 19. Rfe1 Rb8 20. Kh2 Ng7 21. Rd2 Bb5 22. Nd4 Bd7 23. Red1 b5 24. e5 fxe5 25. fxe5 Re6 26. Nc6 1-0

[Event "Nuremberg Zabo op 16th"]
[Site "Nuremberg"]
[Date "2014.09.19"]
[Round "1"]
[White "Weber, Alexander"]
[Black "Martin, Thomas"]
[Result "0-1"]
[WhiteElo "1689"]
[BlackElo "2201"]
[PlyCount "70"]
[EventDate "2014.09.19"]
[EventType "swiss"]
[EventRounds "5"]
[EventCountry "GER"]
[SourceTitle "EXT 2018"]
[Source "ChessBase"]
[SourceDate "2017.10.13"]
[SourceVersion "1"]
[SourceVersionDate "2017.10.13"]
[SourceQuality "1"]

1. e4 e6 2. d4 d5 3. e5 b6 4. Be3 Qd7 5. f4 Ne7 6. Nf3 h5 7. Nbd2 Ba6 8. Bxa6 Nxa6 9. Qe2 Nb4 10. Nb3 Nf5 11. Bf2 Be7 12. c3 Nc6 13. h4 a5 14. Qb5 Nxe5 15. Qxd7+ Nxd7 16. Rc1 Nf6 17. Ng5 Bd6 18. g3 Ke7 19. 0-0 Rhc8 20. Nd2 Rab8 21. Rfe1 c5 22. Ndf3 c4 23. Kg2 b5 24. Re2 Rc6 25. Rce1 b4 26. Ne5 Bxe5 27. Rxe5 Kf8 28. R5e2 bxc3 29. bxc3 Rcb6 30. Nf3 Nd6 31. Ne5 Rb2 32. Be3 Nde4 33. Bc1 Rxe2+ 34. Rxe2 Nxc3 35. Rc2 Nce4 0-1

[Event "Mittelfranken-chTB1 1314"]
[Site "Mittelfranken"]
[Date "2014.03.09"]
[Round "7.2"]
[White "Martin, Thomas"]
[Black "Link, Andreas"]
[Result "1-0"]
[WhiteElo "2209"]
[BlackElo "1977"]
[PlyCount "49"]
[EventDate "2013.10.20"]
[EventType "team-tourn"]
[EventRounds "9"]
[EventCountry "GER"]
[SourceTitle "EXT 2020"]
[Source "ChessBase"]
[SourceDate "2019.10.17"]
[SourceVersion "1"]
[SourceVersionDate "2019.10.17"]
[SourceQuality "1"]
[WhiteTeam "Nuernberg NT III"]
[BlackTeam "Nuernberg Zabo"]
[WhiteTeamCountry "GER"]
[BlackTeamCountry "GER"]

1. Nf3 Nf6 2. g3 g6 3. Bg2 Bg7 4. 0-0 d5 5. d3 c5 6. Nc3 Nc6 7. a3 0-0 8. Rb1 a5 9. a4 e5 10. Bg5 h6 11. Bxf6 Bxf6 12. Nd2 Ne7 13. e4 Be6 14. Qf3 Bg7 15. exd5 Bd7 16. Nde4 Qb6 17. d6 Nf5 18. Nd5 Qd8 19. Nxc5 Bc6 20. Nxb7 Bxd5 21. Qxd5 Qb6 22. d7 Bf6 23. c4 Ne7 24. Qb5 Qxb5 25. axb5 1-0

[Event "Mittelfranken-chTB1 1314"]
[Site "Mittelfranken"]
[Date "2013.10.20"]
[Round "1.2"]
[White "Kroneder, Christian"]
[Black "Martin, Thomas"]
[Result "1/2-1/2"]
[WhiteElo "2019"]
[BlackElo "2209"]
[PlyCount "35"]
[EventDate "2013.10.20"]
[EventType "team-tourn"]
[EventRounds "9"]
[EventCountry "GER"]
[SourceTitle "EXT 2020"]
[Source "ChessBase"]
[SourceDate "2019.10.17"]
[SourceVersion "1"]
[SourceVersionDate "2019.10.17"]
[SourceQuality "1"]
[WhiteTeam "Schwanstetten"]
[BlackTeam "Nuernberg NT III"]
[WhiteTeamCountry "GER"]
[BlackTeamCountry "GER"]

1. e4 e6 2. d4 d5 3. Nd2 c5 4. exd5 exd5 5. Ngf3 Nc6 6. Bb5 a6 7. Qe2+ Qe7 8. Bxc6+ bxc6 9. Ne5 f6 10. Nef3 Qxe2+ 11. Kxe2 Bf5 12. dxc5 Bxc5 13. Nb3 Bd6 14. Be3 Ne7 15. c3 Rb8 16. Rhd1 Kf7 17. Rd2 Rb7 18. Nc5 1/2-1/2

[Event "Landesliga Nord 1112"]
[Site "Bayern"]
[Date "2012.02.05"]
[Round "6.2"]
[White "Martin, Thomas"]
[Black "Giessmann, Stephan"]
[Result "1-0"]
[WhiteElo "2221"]
[BlackElo "2232"]
[PlyCount "59"]
[EventDate "2011.10.02"]
[EventType "team-tourn"]
[EventRounds "9"]
[EventCountry "GER"]
[SourceTitle "EXT 2013"]
[Source "ChessBase"]
[SourceDate "2012.11.22"]
[SourceVersion "1"]
[SourceVersionDate "2012.11.22"]
[SourceQuality "1"]
[WhiteTeam "Nuernberg NT II"]
[BlackTeam "Kelheim"]
[WhiteTeamCountry "GER"]
[BlackTeamCountry "GER"]

1. e4 e6 2. d3 d5 3. Nd2 c5 4. Ngf3 Nc6 5. g3 g6 6. Bg2 Bg7 7. 0-0 Nge7 8. Re1 0-0 9. e5 f5 10. exf6 Rxf6 11. Nb3 b6 12. d4 c4 13. Nbd2 h6 14. Nf1 b5 15. c3 b4 16. h4 Kh7 17. N1h2 Rf8 18. Ng4 bxc3 19. bxc3 Qa5 20. Bd2 Rb8 21. Qc1 Nf5 22. Bf4 Rb7 23. Nge5 Nxe5 24. Nxe5 Qb6 25. Re2 Qd8 26. Rb1 Rxb1 27. Qxb1 Qa5 28. Qc1 Qa4 29. Bh3 Nxh4 30. gxh4 1-0

[Event "BL2-Ost 0910"]
[Site "Germany"]
[Date "2010.04.11"]
[Round "9.6"]
[White "Hoffmann, Hendrik"]
[Black "Martin, Thomas"]
[Result "1/2-1/2"]
[WhiteElo "2252"]
[BlackElo "2308"]
[PlyCount "20"]
[EventDate "2009.10.18"]
[EventType "team-tourn"]
[EventRounds "9"]
[EventCountry "GER"]
[SourceTitle "EXT 2011"]
[Source "ChessBase"]
[SourceDate "2010.11.26"]
[SourceVersion "1"]
[SourceVersionDate "2010.11.26"]
[SourceQuality "1"]
[WhiteTeam "Leipzig Gohlis"]
[BlackTeam "Nuernberg"]
[WhiteTeamCountry "GER"]
[BlackTeamCountry "GER"]

1. e4 e6 2. d4 d5 3. Nc3 Bb4 4. exd5 exd5 5. Bd3 Ne7 6. Nge2 Bf5 7. 0-0 0-0 8. Ng3 Bxd3 9. Qxd3 c6 10. Nce2 Na6 1/2-1/2